LEADER 00988nam a22002531i 4500 001 991000601099707536 005 20041007145507.0 008 041108s1951 it |||||||||||||||||ita 035 $ab13245016-39ule_inst 035 $aARCHE-117656$9ExL 040 $aDip.to Studi Storici$bita$cA.t.i. Arché s.c.r.l. Pandora Sicilia s.r.l. 082 04$a782.1 100 1 $aAllorto, Riccardo$0465631 245 14$aLa "musica ragionata" di Carlo Giovanni Testori /$cRiccardo Allorto 260 $aMilano :$bF.lli Bocca,$c1951 300 $a1 v. ;$c23 cm 500 $aEstr. da: Rivista musicale italiana, a. 53, fasc. 3 600 14$aTestori, Carlo Giovanni 907 $a.b13245016$b02-04-14$c12-11-04 912 $a991000601099707536 945 $aLE019 M 259 BIS$g1$i2019000072397$lle019$nC. 1$o-$pE0.00$q-$rl$s- $t0$u0$v0$w0$x0$y.i13934648$z12-11-04 996 $aMusica ragionata" di Carlo Giovanni Testori$91100694 997 $aUNISALENTO 998 $ale019$b12-11-04$cm$da $e-$fita$git $h4$i1 LEADER 01514oam 2200481Kn 450 001 9910691693003321 005 20030707170346.0 035 $a(CKB)5470000002346450 035 $a(OCoLC)49058363 035 9 $aocm49058363 035 $a(OCoLC)995470000002346450 035 $a(EXLCZ)995470000002346450 100 $a20020214d2002 ua 0 101 0 $aeng 181 $ctxt$2rdacontent 182 $cc$2rdamedia 183 $acr$2rdacarrier 200 00$aBorder-line scams are the real thing$b[electronic resource] 210 1$a[Washington, D.C.] :$cFederal Trade Commission, Bureau of Consumer Protection, Office of Consumer and Business Education,$d[2002] 225 1 $aFTC consumer alert 300 $aTitle from title screen (viewed on July 7, 2003). 517 2 $aBorder line scams are the real thing 606 $aTransnational crime 606 $aTelemarketing$xCorrupt practices 606 $aFraud 606 $aInternational crimes 615 0$aTransnational crime. 615 0$aTelemarketing$xCorrupt practices. 615 0$aFraud. 615 0$aInternational crimes. 676 $a070.5797 676 $a011.53 676 $a381.34 676 $a364.163 712 02$aUnited States.$bFederal Trade Commission.$bOffice of Consumer and Business Education. 801 0$bN@F 801 1$bN@F 801 2$bOCLCQ 801 2$bGPO 906 $aBOOK 912 $a9910691693003321 996 $aBorder-line scams are the real thing$93099695 997 $aUNINA